[Event "?"]
[Site "?"]
[Date "2007.03.07"]
[Round "?"]
[White "GM_Leko"]
[Black "GM_Svidler"]
[Result "0-1"]
[WhiteElo "2749"]
[BlackElo "2728"]
[Annotator "de Dovitiis Alejo"]
[PlyCount "72"]
[EventDate "2007.??.??"]

1. e4 c5 2. Nf3 d6 3. d4 cxd4 4. Nxd4 Nf6 5. Nc3 a6 {
La popular variante Najdorf de la defensa Siciliana.} 6. Be3 e5 7. Nb3 (7. Nf3
{Es menos vista, pero se jugo tres veces en este Magistral.}) 7... Be7 8. f3 {
Ha quedado conformado el ataque Ingles.} 8... Be6 9. Qd2 O-O 10. O-O-O a5 {
Una forma singular de ataque.} (10... Nbd7 11. g4 Qc7 12. Kb1 Rfc8 {
es lo normal en estos casos.}) 11. Qe1 Qc8 12. a3 $5 $146 (12. Bb5 Na6 13. Na4
Nb4 14. Qf2 Nxa2+ 15. Kb1 Nb4 16. Nb6 Qc7 17. Nxa8 Rxa8 18. Bb6 Qc8 19. Ba4 Nd7
20. c3 Nxb6 21. Qxb6 Na6 22. Nd2 Nc5 23. Bb5 Nd7 24. Qe3 a4 25. c4 Nc5 26. Qa3
f5 27. Rhe1 f4 28. Ka2 Qc7 29. Qc3 Qb6 30. Kb1 Ra5 31. g3 Bf6 32. gxf4 exf4 33.
e5 Bxe5 34. Rxe5 dxe5 35. Qxe5 Ra8 36. Qxf4 a3 37. bxa3 Nd3 38. Qg5 Qd4 39. Kc2
Rxa3 40. Rb1 Ra2+ 41. Kd1 Nf4 {0-1 Heim,S-Nordahl,H/Molde 2004.}) (12. a4 Nc6 (
12... Na6 13. Kb1 Nc7 14. g4 Rd8 15. Bb6 Nd7 16. Be3 Nf6 17. Bb6 Nd7 18. Bf2 b6
19. Bd3 Qb7 20. Qe2 Nc5 21. Nxc5 bxc5 22. Nb5 Rdb8 23. c4 Bd7 24. h4 Ne6 25. g5
Rf8 26. Be3 Nd4 27. Bxd4 $16 {Svidler,P-Bu Xiangzhi/Tegernsee 2007.}) 13. g4
Nb4 14. g5 (14. Kb1 Qc7 15. Qf2 d5 16. Bb6 {1/2-1/2 Ganguly,S-Gopal,G/Atul 2006
}) 14... Nh5 15. Kb1 Qc7 16. Qf2 Nf4 17. Nb5 Qb8 18. Bxf4 exf4 19. N3d4 Bd7 20.
Rg1 g6 21. Bc4 Qc8 22. Bb3 Qc5 23. Qd2 Qe5 24. h4 Rac8 25. h5 Kg7 26. Qh2 Bxg5
27. Nxd6 Bf6 28. hxg6 fxg6 29. N6f5+ Kh8 30. Qxh7+ Kxh7 31. Rh1+ {
1-0 Anand,V-Vallejo Pons,F/Monte Carlo 2004}) 12... a4 13. Nd2 Nbd7 14. Kb1 Rd8
15. Bb5 (15. g4 $5) 15... d5 16. exd5 Nxd5 17. Nxd5 Bxd5 18. Qe2 Qc7 19. Ne4
Be6 20. Nc3 Nb6 {Las negras ya estan muy tranquilas} 21. Rxd8+ Rxd8 22. Nxa4
Nc4 23. Bxc4 Bxc4 24. Qf2 Qc6 25. Nb6 $2 (25. Nc3 {era preferible aunque como
opininara el comentarista de la ronda el GM Amador Rodriguez tras:} 25... Be6
$1 {para Qc4 o Bxa3 las blancas estan mal.}) 25... Be6 26. Qe2 f5 27. Re1 Bf6 {
Las negras mejoran su juego mientras el blanco no tiene un plan preciso.} 28.
g3 (28. g4 $5) 28... h6 29. Bf2 e4 $1 30. fxe4 fxe4 31. a4 $2 {
Leko posee poco tiempo y una posicion mala, por eso no tarde en ser derrotado.}
31... Qd6 $1 {Tremenda amenaza: Qb4.} 32. c4 $2 (32. c3 {era mejor pero} 32...
Bb3 {era sumamente fuerte.}) 32... Qb4 $19 33. Nd5 Bxd5 34. cxd5 Rxd5 35. Qc2 (
35. Qxe4 $4 Qxb2#) 35... Rd2 36. Qc8+ Kf7 {No hay escapatoria:} (36... Kf7 37.
Qc7+ Kg6 {y las negras se imponen.}) 0-1

[Event "Morelia/Linares 23rd"]
[Site "Morelia/Linares"]
[Date "2006.02.19"]
[Round "2"]
[White "Leko, Peter"]
[Black "Radjabov, Teimour"]
[Result "1-0"]
[WhiteElo "2740"]
[BlackElo "2700"]
[Annotator "de Dovitiis Alejo"]
[PlyCount "89"]
[EventDate "2006.02.18"]
[Source "ChessBase"]
[SourceDate "2006.06.07"]

1. e4 c5 2. Nf3 Nc6 3. d4 cxd4 4. Nxd4 Nf6 5. Nc3 e5 {
La popular variante Sveshnikov, justamente favorita de ambos contendientes.} 6.
Ndb5 d6 7. Bg5 a6 8. Na3 (8. Bxf6 gxf6 9. Na3 b5 10. Nd5 {
es la otra linea principal}) 8... b5 9. Nd5 Be7 10. Bxf6 Bxf6 11. c3 O-O 12.
Nc2 Bg5 13. a4 {Las blancas atacan el ala dama antes de finalizar su desarrollo
} 13... bxa4 14. Rxa4 a5 15. Bc4 Rb8 16. b3 (16. Ra2 {
es una alternativa viable.}) 16... Kh8 17. Nce3 Be6 (17... g6 18. h4 Bxh4 19.
g3 Bg5 20. f4 exf4 21. gxf4 Bh4+ 22. Kd2 Ne7 23. Kc1 Nxd5 24. Nxd5 Be6 25. Qd4+
Kg8 26. Ra2 Bxd5 27. Qxd5 Qf6 28. Qd2 Bg3 29. Rf1 h5 30. Rxa5 $13 {
Topalov,V-Leko,P/Linares 2005}) 18. h4 (18. Qd3 Qd7 19. O-O g6 20. Bb5 Qb7 21.
Bxc6 {1/2-1/2 Nisipeanu,L-Radjabov,T/Gothenburg 2005. Como vemos ambos
contendientes tienen muchos antecedentes propios con el color negro.}) 18...
Bf4 $6 $146 (18... Bxe3 19. Nxe3 Bxc4 20. Nxc4 f5 21. Nxd6 (21. O-O Rf6 22. Qd5
Ne7 23. Qxa5 fxe4 24. Qxd8+ Rxd8 25. Rd1 $16 {
Smeets,J-Kosintseva,T/Wijk aan Zee 2007}) 21... fxe4 {
Baramidze,D-Markos,J/Waischenfeld 2006}) (18... Bh6) 19. Nf5 g6 20. Nfe3 $1 {
Todo hecho para provocar g6} 20... Kg7 21. g3 Bh6 22. Ng4 f5 23. Nxh6 Kxh6 24.
h5 $1 {La justificacion de haber demorado tanto el enroque.} 24... g5 25. exf5
Bxf5 26. Ne3 Bc8 (26... Be4 27. O-O Bf3 28. Be2) 27. Ra2 Ne7 28. O-O Rf6 29.
Qe2 Qb6 30. Rfa1 Qc6 {
Para buscar contrajuego con la maquina en la gran diagonal.} 31. Rxa5 Bb7 32.
Bd5 Nxd5 33. Rxd5 Qxc3 34. Ng4+ Kg7 35. Ra7 $1 Re6 36. Qc4 Qe1+ (36... Qxc4 37.
bxc4 Kf8 38. Rb5 Re7 39. Nh6 Rd7 40. Nf5 $18) 37. Kg2 {
Entreaga calidad por un tremendo ataque.} 37... Re7 38. Rxb7 Rexb7 39. Rxd6 Rf8
40. h6+ {Ahora el rey negro queda "de mate eterno" en h8} 40... Kh8 41. Qd5
Rbb8 42. Qd3 {Para Rd7} 42... Qb4 43. Rd7 e4 44. Qd5 Rb5 45. Nf6 $3 (45. Nf6
Rxf6 46. Rd8+ Rf8 (46... Qf8 47. Rxf8+ Rxf8 48. Qd4+ Kg8 49. Qg7#) 47. Qd4+
Qxd4 48. Rxf8# {Una brillante partida del hungaro ?Jugara asi en este
supertorneo? Esperamos ansiosos por saberlo.}) 1-0

[Event "LInares"]
[Site "Morelia, Mexico"]
[Date "2007.02.18"]
[Round "?"]
[White "GM_Ivanchuk"]
[Black "GM_Topalov"]
[Result "1-0"]
[WhiteElo "2750"]
[BlackElo "2783"]
[Annotator "de Dovitiis, Alejo"]
[PlyCount "81"]
[EventDate "2007.??.??"]

1. e4 c5 2. Nf3 d6 3. d4 cxd4 4. Nxd4 Nf6 5. Nc3 a6 6. Be3 e5 (6... Ng4 7. Bg5
h6 8. Bh4 g5 9. Bg3 Bg7 {era otra alternativa}) 7. Nf3 $5 {
Evitando los senderos agudos, idealas para Topalov.} (7. Nb3 Be6 8. f3 Nbd7 9.
g4) 7... Be7 8. Bc4 O-O 9. O-O Be6 10. Bxe6 fxe6 {
Las negras no tienen mas floja d5 pero sus peones centrales requieren defensa.}
11. Na4 Ng4 (11... Nbd7 12. c4 $5) 12. Qd3 Nxe3 13. Qxe3 b5 14. Nb6 Ra7 $146 (
14... Rxf3 $5 15. gxf3 Bg5 16. Qb3 Qxb6 17. f4 Be7 18. Qxe6+ Kf8 19. fxe5 Qc6
20. Qf5+ Kg8 21. exd6 Qxd6 22. Rfd1 Qc6 23. c3 Ra7 24. Qd5+ Qxd5 25. exd5 Kf7
26. a4 b4 27. d6 Bf6 28. cxb4 Bxb2 29. Rab1 Be5 30. b5 axb5 31. f4 Bxf4 32.
Rxb5 Be3+ 33. Kg2 Nd7 34. Re1 Bd4 35. Re7+ Kg6 36. h4 h5 37. Rg5+ {
1/2-1/2 Offenborn,H-Schuster,P/Germany 2000}) 15. Nd5 Rb7 (15... exd5 16. Qxa7
dxe4 17. Nd2 d5) 16. Qd2 Nc6 17. Rad1 Rd7 18. Qc3 Nb8 (18... exd5 19. Qxc6 dxe4
20. Qxe4 $14) 19. Nxe7+ Qxe7 20. Rd3 h6 21. Rfd1 Rfd8 22. h4 Kh7 23. R1d2 Qf8
24. Qb3 Qe8 25. a4 $1 {
La jugada que brinda ventaja por debilitar el ala dama negro.} 25... Qg6 {
Topalov se la juega} (25... bxa4) 26. axb5 axb5 27. Re3 Na6 28. Qxb5 Nc5 29.
Qc4 Ra7 30. Re1 Qe8 31. b4 Na4 32. Qb3 Nb6 33. Red1 Rad7 34. Qd3 Rc8 35. c3 Ra7
36. Qe3 Ra6 37. Qe2 Nc4 38. Ra2 Rac6 (38... Rxa2 {
era preferible, pero apremiaba demasiado el reloj}) 39. Ra7 $1 R6c7 40. Rda1
Qf7 $4 {Fatal yerro en severo apuro de tiempo que deja una pieza en el aire.} (
40... Rxa7 {era lo mejor pero el blanco ya tiene ventaja para vencer.}) 41.
Qxc4 (41. Qxc4 Rxc4 (41... Rxa7 42. Rxa7 Qxa7 43. Qxc8 $18) 42. Rxf7 $18 {
Una buena victoria de Chuky, pero con un final de partida abrupto.}) 1-0

[Event "?"]
[Site "?"]
[Date "2007.02.24"]
[Round "?"]
[White "GM_Carlsen"]
[Black "GM_Leko"]
[Result "1/2-1/2"]
[WhiteElo "2690"]
[BlackElo "2749"]
[Annotator "de Dovitiis Alejo"]
[PlyCount "40"]
[EventDate "2007.??.??"]

1. d4 d5 2. c4 c6 3. Nf3 Nf6 4. Nc3 e6 {Leko plantea la defensa Semieslava.} (
4... dxc4 {llevaba a los lineamientos principales de la defensa Eslava.}) 5. e3
Nbd7 6. Qc2 {La variante anti Merano.} (6. Bd3 dxc4 7. Bxc4 b5 {
eran los senderos del esquema Merano.}) 6... Bd6 7. b3 {La variante tranquila.}
(7. g4) (7. Bd2 {eran mas incisivas.}) 7... O-O 8. Be2 b6 9. Bb2 Bb7 10. O-O
Qe7 11. Rad1 {Blancas y negras alistan sus torres para la guerra por el centro.
} (11. e4 Nxe4 12. Nxe4 dxe4 13. Qxe4 Rfe8 14. Ne5 f5 15. Qc2 c5 $132) 11...
Rad8 12. Rfe1 Rfe8 13. e4 {
Son las blancas quienes toman el mando en el centro del tablero.} (13. Bd3 h6
14. e4 dxe4 15. Nxe4 Nxe4 16. Rxe4 Nf6 17. Re2 Qf8 18. Ne5 c5) 13... Nxe4 (
13... dxe4 14. Nd2 $5) 14. Nxe4 dxe4 15. Qxe4 Bb4 16. Rf1 Bd6 $146 {
Una movida novedosa e interesante... pero !para empatar!} ({Lo conocido era:} 
16... Nf6 17. Qh4 Ba3 18. Ba1 c5 19. Ne5 cxd4 20. Bxd4 Ne4 21. Qxe7 Bxe7 22.
Bh5 g6 23. Bf3 f6 24. Ng4 Kf7 25. Bb2 Nc5 26. Bxb7 Nxb7 $11 {
Bluvshtein,M-Asrian,K/Moscow 2004.}) (16... f5 17. Qc2 Bd6 18. c5 bxc5 19. dxc5
Bxc5 20. Bc4 Kh8 21. Rde1 Nf8 22. Re2 Bd6 23. Ne5 c5 24. f3 Nd7 25. Rfe1 Nb6
26. Qc3 Nd5 27. Bxd5 Bxd5 28. Nc4 Bb8 29. Ne3 Qc7 30. Kf1 Bc6 31. Nc4 Bd5 32.
Ne3 Bc6 33. Nc4 Bd5 34. Ne3 {1/2-1/2 Rustemov -Gurevich,M/Copenhagen 2001.})
17. Rfe1 (17. Bd3 f5 18. Qe2 c5 19. dxc5 Nxc5 20. Bc2 Ne4 {
las negras tienen buen juego.}) 17... Bb4 18. Rf1 Bd6 19. Rfe1 Bb4 20. Rf1 Bd6
{Un resultado magro que sirve a Carlsen para mantener la punta y a Leko,
solido con seis tablas, mantenerse a la expectativa. Poco para lo que se puede
exigir a estos dos grandes talentos.} 1/2-1/2

[Event "?"]
[Site "?"]
[Date "2007.03.04"]
[Round "?"]
[White "GM_Anand"]
[Black "GM_Carlsen"]
[Result "1-0"]
[WhiteElo "2779"]
[BlackElo "2690"]
[Annotator "de Dovitiis Alejo"]
[PlyCount "75"]
[EventDate "2007.??.??"]

1. e4 e5 2. Nf3 Nc6 3. Bb5 a6 4. Ba4 Nf6 5. O-O Be7 6. Re1 b5 7. Bb3 d6 {
Carlsen no invita con} (7... O-O {
a que Anand batalle contra el gambito Marshall.}) 8. c3 O-O 9. h3 Na5 {
La variante Chigorin.} 10. Bc2 c5 11. d4 Nd7 (11... Qc7 {
es la mas utilizada, para hacer cxd4 en el momento oportuno.}) 12. d5 $5 {
Poco vista, pero contra el plan cxd4 y Nc6 luego.} (12. Nbd2 exd4 13. cxd4 Nc6
14. d5 Nce5 {lleva a una formacion similar a la de la defensa Indobenoni.})
12... Nb6 13. Nbd2 (13. b3 f5 14. exf5 Bxf5 $132) 13... g6 (13... f5 14. exf5
Bxf5 15. Bxf5 Rxf5 16. Ne4 $14) 14. b4 {
Poniendo las cosas en claro en el ala dama.} 14... cxb4 15. cxb4 Nac4 16. Nxc4
Nxc4 17. Bb3 $146 {Una buena novedad que amenaza dejar un peon debil en c4.} (
17. Bh6 Re8 18. Bb3 Bd7 19. Qe2 Nb6 20. Rac1 Rc8 21. Be3 Rxc1 22. Rxc1 Qb8 23.
Nd2 Rc8 24. Rxc8+ Nxc8 25. f4 Qc7 26. Nf3 Qc3 27. Qd2 Qxd2 28. Bxd2 f6 29. fxe5
fxe5 30. Nxe5 dxe5 31. d6+ Kg7 32. dxe7 Nxe7 33. h4 Bc6 34. Bc2 Nc8 35. Bc3 Kf6
36. Kf2 Nd6 37. Ke3 h6 38. Be1 Nc4+ 39. Kf3 {
1/2-1/2 Leko,P-Mamedyarov,S/Moscow 2006}) 17... Nb6 18. Be3 $1 {El alfil se
halla mejor en e3 que en h6 para desarrolar un juego por el flanco dama.} 18...
Bd7 19. Rc1 Rc8 20. Rxc8 Bxc8 21. Qc2 Bd7 22. Rc1 $14 Na8 {
Solida para evitar Qc7.} 23. Qd2 Qb8 24. Bg5 $1 {Las blancas dan el golpe de
timon, justo cuando el negro se halla camino a igualar en el sector dama.}
24... Bxg5 (24... f6 25. Be3 Rf7 {posiblemente era lo mas sensato pero ?quien
se iba a imaginar lo que iba a proseguir?}) 25. Nxg5 Rc8 26. Rf1 $3 {Diagrama #
La jugada clave de la partida: ahora el flanco se focaliza en el sector rey.}
26... h6 (26... Qb6 {/\ Qd4 era de consideracion.}) (26... Qc7 27. f4 {
y el negro no alcanza a armar contrachances.}) 27. Ne6 $1 Kh7 (27... fxe6 28.
dxe6 Be8 29. e7+ (29. Qxh6 Nb6 30. f4 (30. e7+ Nc4 31. Qf8+ Kh7 {no es claro.})
) 29... Kg7 (29... Bf7 30. Qxh6 Bxb3 31. Qxg6+ Kh8 32. axb3 Re8 33. Qf6+ Kg8
34. Rc1 $18) 30. Qd5 Rc4 $8 31. Bxc4 bxc4 32. Qxc4 $16) 28. f4 Qa7+ (28... fxe6
29. dxe6 Be8 30. f5 (30. fxe5 dxe5 31. Rf8 Qa7+ 32. Kh2 Qe7) 30... gxf5 31.
exf5 {Con fuerte ataque, principalmente basado en la lejania de las piezas
negras de su rey.}) 29. Kh2 Be8 (29... Re8 30. fxe5 fxe6 31. Rf7+ Kg8 32. dxe6
$18) 30. f5 gxf5 31. exf5 f6 32. Re1 {
Las blancas pretenden sencillamente Re4 y Rh4.} 32... Nc7 33. Rc1 Bd7 34. Rc3
$1 {El golpe de nock out, se amenaza Rg3 y Qc2 tambien.} 34... e4 35. Rg3 Nxe6
36. dxe6 Be8 37. e7 $1 Bh5 (37... Qxe7 38. Bg8+ Kh8 39. Qxh6+) 38. Qxd6 {
Las amenazas del blanco son numerosas. Otra gran victoria de Anand sobre
Carlsen, reafirmando su fama de gran jugador de la apertura Espanola y
dejandolo puntero solo.} 1-0

[Event "Morelia - Linares"]
[Site "?"]
[Date "2007.03.03"]
[Round "?"]
[White "GM_Morozevich"]
[Black "GM_Leko"]
[Result "1-0"]
[WhiteElo "2741"]
[BlackElo "2749"]
[Annotator "de Dovitiis Alejo"]
[PlyCount "91"]
[EventDate "2007.??.??"]

1. d4 {Morozevich ya ha probado de todo con blancas en este torneo.} 1... Nf6
2. c4 e6 3. Nf3 b6 4. g3 Ba6 5. Qb3 {Fuera de lo habitua que es:} (5. b3 Bb4+
6. Bd2 Be7 7. Bg2 c6) 5... Be7 (5... Bb7 6. Nc3 (6. Bg2 Be7 7. Nc3 d5 8. cxd5
exd5 9. O-O O-O 10. Ne5 Na6 11. Bg5 $14 {
Quarracino,S-Garzon,E/Villa Ballester 2006}) 6... Nc6 7. Qd1 Bb4 8. Qd3 d5 9.
cxd5 Qxd5 10. Bd2 Qh5 11. Bg2 O-O-O 12. O-O e5 13. Rac1 Nxd4 14. Nb5 Nxb5 15.
Qxb5 Bxd2 16. Nxd2 Bxg2 17. Kxg2 Rxd2 18. Qa6+ Kb8 19. Rxc7 Kxc7 20. Qxa7+ Kd6
21. Qxb6+ Ke7 22. Rc1 Rhd8 {0-1 Van Wely,L-Leko,P/Moscow 2004.}) 6. Nc3 O-O 7.
e4 c5 $146 (7... Bb7 8. d5 exd5 9. exd5 c6 10. Bg2 Na6 11. O-O Nc5 12. Qd1 cxd5
13. cxd5 Nce4 14. Nh4 Nxc3 15. bxc3 Bc5 16. Nf5 Re8 17. c4 d6 18. Bb2 Bc8 19.
Nd4 Bxd4 20. Qxd4 Ba6 21. a4 Rc8 22. Rfc1 $16 {
Lautier,J-Sokolov,A/Aix les Bains 2003}) 8. d5 exd5 9. exd5 {
La partida pasa a un esquema similar al de la Benoni} 9... Re8 10. Bd3 Bf8+ 11.
Kf1 d6 12. Kg2 Nbd7 13. h4 $5 {Para jugar al ataque.} 13... g6 $6 {?Desafio o
or? Las negras incitan a las blancas a atacar y teniendo en frente a un
jugador de la creatividad de Morozevich eso es un riesgo grande.} (13... Ng4
14. Ng5 (14. Qc2 h6) 14... Ndf6 {
y las negras colocaran su caballo en e5 con un juego razonable.}) 14. Qa4 Bb7
15. h5 $1 Nxh5 16. Rxh5 {Consecuente.} 16... gxh5 17. Ne4 f5 {
Deja mas debilidades en el campo de las negras.} (17... Be7 $5) 18. Neg5 h6 19.
Nh3 Ne5 20. Nxe5 dxe5 (20... Rxe5 21. Bf4 Re8 22. Bxf5 $44) 21. Bxf5 Qf6 22.
Be4 Re7 23. Qd1 h4 24. Qh5 {La dama se ha reagrupado para atacar al rey negro.}
24... hxg3 25. fxg3 Rg7 26. Bd2 (26. Bxh6 Qxh6 $1 27. Qxh6 Rxg3+ 28. Kxg3 Bxh6
{Poco da a las blancas.}) 26... Qf7 27. Qe2 $1 {El blanco no se tienta:} (27.
Qxe5 $2 Re8 28. Qf5 Qxf5 29. Bxf5 Re2+ $19) 27... Bc8 28. Nf2 Bf5 29. Bxf5 Qxf5
30. Ne4 {Ahora las blancas tienen tremendo corcel en el centro.} 30... Rf7 31.
Rh1 Qg6 32. Rh4 {Siguen las amenazas como ser Rg4.} 32... Kh8 33. Ng5 Rf5 34.
Ne6 h5 35. Bg5 Kg8 (35... Rxg5 36. Nxg5 Qxg5 37. Rxh5+ {Gana.}) 36. Rxh5 Re8 {
Recien en la movida 36 el negro ha podido completar fielmente su desarrollo,
claro que ya es tarde para su salvacion.} 37. g4 Rf7 38. Bh4 Bg7 {
Leko se halla desde la movida 25 seriamente apurado por el reloj.} (38... Bh6 {
era superior a la textual.}) 39. Rg5 Qh6 (39... Qb1 40. Bg3 Kh7 41. Bxe5) 40.
Qxe5 Kh8 (40... Qxh4 41. Rxg7+) 41. Rxg7 $1 (41. Rh5 Bxe5) 41... Qd2+ (41...
Rxg7 42. Bf6 Kg8 43. Bxg7 Rxe6 44. Qxe6+ Qxe6 45. dxe6 Kxg7 46. g5 $18) (41...
Qxg7 42. Qxg7+ Rxg7 43. Bf6 Rxe6 44. dxe6 Kg8 45. Bxg7 Kxg7 46. g5 $18 {
Llega a la misma posicion vencedora.}) 42. Kh3 Qd3+ 43. Bg3 Rxe6 (43... Qf1+
44. Kh2 Rf2+ 45. Bxf2 Qxf2+ 46. Kh3 Qf1+ 47. Kh4 Qf2+ 48. Kh5 $18) 44. dxe6
Rxg7 45. e7 Qh7+ (45... Qf1+ 46. Kh2 {Y se terminaron los jaques.}) 46. Kg2 {
Ya no hay remedio para las negras. Si:} (46. Kg2 Qc2+ 47. Bf2 $18 {Punzante vic
toria de las blancas ante un rival que no pudo hacer pie en la defensa de su
enroque.}) 1-0

[Event "VII Dos Hermanas Internet"]
[Site "ICC INT"]
[Date "2006.03.25"]
[Round "3.4"]
[White "Carlsen, M."]
[Black "Doettling, F."]
[Result "0-1"]
[WhiteElo "2625"]
[BlackElo "2542"]
[Annotator "de Dovitiis Alejo"]
[PlyCount "78"]
[EventDate "2006.03.24"]
[Source "Mark Crowther"]
[SourceDate "2006.03.27"]

{El conductor de las piezas negras, ganador de la edicion 2006 del super blitz
de Dos Hermanas, tiene enfrente a un experto en partidas rapidas, el joven
prodigio de Noruega Magnus Carlsen, serio candidato a llevarse el primer
premio este ano.} 1. e4 c6 2. d4 d5 3. e5 c5 (3... Bf5 {es la jugada normal.})
4. Nf3 Nc6 5. c4 (5. dxc5 Bg4 6. Bb5 Qa5+ 7. Nc3 e6 8. Be3 Nge7 $13) 5... Bg4 (
5... e6 6. cxd5 exd5 7. Bb5 Bd7 8. O-O cxd4 9. Nxd4 Bc5 10. Nb3 $14) 6. dxc5 e6
7. cxd5 exd5 8. Nc3 Bxc5 {
Las negras tienen un juego agil por el peon entregado.} 9. Qxd5 $2 (9. Be2)
9... Qxd5 10. Nxd5 O-O-O 11. Nc3 $6 (11. Ne3 Nxe5) 11... Nb4 $1 {
El jaque en c2 es inevitable.} 12. Ne4 (12. Rb1 Nc2+ 13. Ke2 Nd4+ 14. Ke1 Bxf3
15. gxf3 Nxf3+ $19) 12... Nc2+ 13. Ke2 Bb6 14. Nd6+ {
Magnus se las arregla para complicar el juego.} 14... Rxd6 15. exd6 Nxa1 {
Las negras tienen pieza de ventaja pero ?saldra el caballo de a1?} 16. Kd1 Nf6
17. Bd3 Rd8 18. Bf4 Nh5 $1 {Las blancas no pueden mantener al peon d6.} 19. Be5
f6 20. Bg3 Nxg3 21. fxg3 Rxd6 $19 22. Ke2 Re6+ 23. Kd2 Be3+ 24. Kd1 Rc6 {
El negro conduce con extrema energia el juego.} 25. Re1 Rc1+ 26. Ke2 Rxe1+ 27.
Kxe1 Be6 28. Ke2 Bc1 29. b3 g6 30. Kd1 Be3 31. Ke2 Bh6 32. Nd4 Bd5 33. Kf2 a6
34. h4 Kd7 35. g4 Bf8 36. h5 $2 (36. Nf3) 36... Bc5 $1 37. Ke3 Bxb3 $1 38. Bxg6
$1 {Buen recurso del joven nordico aunque insuficiente.} (38. axb3 Nxb3 $19 {
recupera la pieza y triunfa.}) 38... hxg6 39. h6 Bg8 {Dos piezas de mas y todo
bajo control. Una cabal muestra del talento para las partidas rapidas del gran
maestro aleman quien en su camino al titulo del ano anterior venciera a
rivales de la talla de Carlsen y Bu Zhingi entre otros.} 0-1

[Event "?"]
[Site "?"]
[Date "2007.02.19"]
[Round "?"]
[White "GM_Carlsen"]
[Black "GM_Anand"]
[Result "0-1"]
[WhiteElo "2690"]
[BlackElo "2779"]
[Annotator "de Dovitiis Alejo"]
[PlyCount "80"]
[EventDate "2007.??.??"]

1. d4 d5 2. c4 c6 3. Nc3 Nf6 4. e3 e6 5. Nf3 Nbd7 6. Bd3 {
Magnus permite la variante Merano} 6... dxc4 7. Bxc4 b5 {
Y aqui llega la consabida variante.} 8. Bd3 Bd6 $5 {
?Para escapar a las preparaciones teoricas?} (8... a6) (8... Bb7 {
Son las mas populares, pero quizas el nordico traia algo nuevo.}) 9. O-O O-O
10. b3 Bb7 11. Bb2 a6 12. Ne4 (12. a4 b4 13. Ne4 Nxe4 14. Bxe4 $14) 12... Nxe4
13. Bxe4 Nf6 $146 (13... f5 14. Bc2 c5 15. dxc5 Nxc5 16. b4 Ne4 17. Bb3 Qe7 18.
a3 Kh8 19. Qe2 Ng5 20. Nxg5 Qxg5 21. f4 Qe7 $11 {
Murugan,K-Gunasekaran,K/Chennai 2004}) ({RR} 13... f5) 14. Bc2 c5 $1 {
Cuando las negras llegan bien a c5 todo va bien para ellas.} 15. dxc5 Bxc5 16.
Ng5 (16. Rc1 $5) 16... Qxd1 17. Raxd1 Kh8 18. g3 $6 (18. Bxf6 gxf6 19. Ne4 Bxe4
20. Bxe4 Rad8 $14 {Era el sendero correcto.}) 18... h6 19. Bxf6 hxg5 $1 20. Bb2
$2 {Carlsen cae en una pasividad que sera fatal para sus piezas.} (20. Be7 Bxe7
21. Rd7 {era lo mas sensato.} 21... Rfc8 22. Rxb7 Rxc2 23. Rxe7 Kg8 24. Ra1 $15
) 20... Rac8 21. Rc1 Rfd8 {Todas las piezas negras se agigantan.} 22. Rfd1 Bf3
$1 23. Rxd8+ Rxd8 24. a3 b4 {Anand no deja lugar para la resistencia.} 25. a4
f5 26. Kf1 f4 (26... Rd2 {Debia ser mas precisa.}) 27. Be4 (27. gxf4 gxf4 28.
exf4 Rd2 29. Bg6 $1 {La jugada que debe hacer soslayado el jugador de Noruega
y que hacia resucitar su posicion}) 27... Bxe4 28. Rxc5 Rd1+ 29. Ke2 Rb1 {
Los alfiles de distinto color no han disminuido la presion de las negras.} 30.
Bc1 f3+ 31. Kd1 Rxb3 $19 32. Rc4 Bd3 33. Rc8+ Kh7 34. e4 Rb1 35. Kd2 Bxe4 36.
Ke3 Bd5 {Nada queda por hacer.} 37. Bd2 Rb3+ 38. Kd4 Rb2 39. Be3 Re2 40. Rc1
Ba2 {Perfecta victoria tecnica del jugador experimentado sobre el impetuoso
joven, que de todas formas esta cumpliendo una actuacion sobresaliente.} 0-1